Southville International School and Colleges
Your cart is empty.
  • Cart
  • Lists
    Public lists Eva Luna New books Lux_list list_1
    Your lists Log in to create your own lists
  • Log in to your account
  • Your cookies
  • Search history
Southville International School and Colleges
  • Advanced search
  • Recent comments
  • Most popular
  • Libraries

Log in to your account

Log in with GOOGLE


If you do not have an external account, but do have a local account, you can still log in:

  1. Home
  2. MARC view: ASCD yearbook 1998 :
Normal view MARC view ISBD view

ASCD yearbook 1998 : (Record no. 12551)

[ view plain ]
MARC details
000 -LEADER
fixed length control field 00698nam a22001937a 4500
003 - CONTROL NUMBER IDENTIFIER
control field OSt
005 - DATE AND TIME OF LATEST TRANSACTION
control field 20160530141951.0
008 - FIXED-LENGTH DATA ELEMENTS--GENERAL INFORMATION
fixed length control field 131001t xxu||||| |||| 00| 0 eng d
050 ## - LIBRARY OF CONGRESS CALL NUMBER
Classification number AS 8
Item number .As811 1998
082 ## - DEWEY DECIMAL CLASSIFICATION NUMBER
Classification number GLT 379.1155
Item number As7 1998
100 ## - MAIN ENTRY--PERSONAL NAME
Personal name Dede, Chris, ed.
9 (RLIN) 22528
245 ## - TITLE STATEMENT
Title ASCD yearbook 1998 :
Remainder of title learning with technology /
Statement of responsibility, etc edited by Chris Dede.
260 ## - PUBLICATION, DISTRIBUTION, ETC. (IMPRINT)
Place of publication, distribution, etc Alexandria, Va :
Name of publisher, distributor, etc Association for Supervision and Curriculum Development,
Date of publication, distribution, etc 1998.
300 ## - PHYSICAL DESCRIPTION
Extent x, 226 p. :
Other physical details ill. ;
Dimensions 24 cm.
650 ## - SUBJECT ADDED ENTRY--TOPICAL TERM
Topical term or geographic name as entry element School management and organization
General subdivision United States
-- Periodicals
9 (RLIN) 22529
650 ## - SUBJECT ADDED ENTRY--TOPICAL TERM
Topical term or geographic name as entry element School Supervision
General subdivision United States
-- Periodicals
9 (RLIN) 22530
942 ## - ADDED ENTRY ELEMENTS (KOHA)
Source of classification or shelving scheme Library of Congress Classification
Koha item type Books
Holdings
Withdrawn status Lost status Source of classification or shelving scheme Damaged status Home library Current library Shelving location Date acquired Source of acquisition Total Checkouts Full call number Barcode Date last seen Copy number Price effective from Koha item type
    Library of Congress Classification   Luxembourg Library Luxembourg Library Genevive Ledesma - Tan Section 10/01/2013 Donation   AS 8 .As811 1998 7310 10/01/2013 1 10/01/2013 Books

ASCD yearbook 1998 :

APA

Dede C. e., . (1998). ASCD yearbook 1998. Alexandria, Va: Association for Supervision and Curriculum Development.

Chicago

Dede Chris ed, . 1998. ASCD yearbook 1998. Alexandria, Va: Association for Supervision and Curriculum Development.

Harvard

Dede C. e., . (1998). ASCD yearbook 1998. Alexandria, Va: Association for Supervision and Curriculum Development.

MLA

Dede Chris ed, . ASCD yearbook 1998. Alexandria, Va: Association for Supervision and Curriculum Development. 1998.

  • Place hold
  • Print
  • Cite
  • Add to your cart (remove)
  • Save record
    BIBTEX Dublin Core MARCXML MARC (non-Unicode/MARC-8) MARC (Unicode/UTF-8) MARC (Unicode/UTF-8, Standard) MODS (XML) RIS
  • More searches
    Search for this title in:
    Other Libraries (WorldCat) Other Databases (Google Scholar) Online Stores (Bookfinder.com) Open Library (openlibrary.org)

Exporting to Dublin Core...

SOUTHVILLE LIBRARY

Southville International School and Colleges Library

1281 Tropical Ave. Cor. Luxembourg St., BF Homes International, Las Pinas City

Tel. No. 8256374 / 252358 Loc. 117/146

Powered by Koha